عرض عادي
عرض مارك
- Torrence, Bruce F.
مدخل إسم شخص
001 - رقم الضبط
- حقل الضبط: 12091
003 - معرف رقم الضبط
- حقل الضبط: OSt
005 - تاريخ ووقت أخر عملية
- حقل الضبط: 20120428021421.0
008 - عناصر بيانات ثابتة الطول
- حقل تحكم ثابت الطول: 120428|||a|||||| | ||| d
040 ## - مصدر الفهرسة
- هيئة الفهرسة الأصلية: OSt
- وكالة الكتابة: OSt
100 ## - مدخل -- أسم شخص
- إسم شخص: Torrence, Bruce F.
- الشكل الكامل للاسم: (Bruce Follett),
- تواريخ مرتبطة بالاسم: 1963-
670 ## - بيانات المصدر موجوده
- الاستشهاد بالمصدر: Work cat.: (OSt)24194: Torrence, Bruce F. (Bruce Follett), 1963-, The student's introduction to Mathematica :, c2009.
